Αδελφική σχέση και διαζύγιο : διπλωματική εργασία [πτυχιακή εργασία]

Αποθηκεύτηκε σε:
Λεπτομέρειες βιβλιογραφικής εγγραφής
Κύριος συγγραφέας: Δούβρη, Σπυριδούλα
Συγγραφή απο Οργανισμό/Αρχή: Πανεπιστήμιο Αιγαίου. Σχολή Ανθρωπιστικών Επιστημών. Παιδαγωγικό Τμήμα Δημοτικής Εκπαίδευσης
Άλλοι συγγραφείς: Τσαμπαρλή-Κιτσαρά, Αναστασία (dgsf)
Μορφή: Thesis Βιβλίο
Γλώσσα:Greek
Δημοσίευση: 2016.
Θέματα:
Διαθέσιμο Online:http://hdl.handle.net/11610/22902
Ετικέτες: Προσθήκη ετικέτας
Δεν υπάρχουν, Καταχωρήστε ετικέτα πρώτοι!

MARC

LEADER 00000cam a2200000 a 4500
001 1/112026
008 160921s2016####gr | ||| |||| ||gre||
040 |a GR-MyUa  |b gre  |c GR-MyUa  |e AACR2 
041 0 |a gre 
082 7 |a 306.874   |2 (23) 
100 1 |a Δούβρη, Σπυριδούλα. 
245 1 0 |a Αδελφική σχέση και διαζύγιο :   |b διπλωματική εργασία [πτυχιακή εργασία] /   |c Δούβρη Σπυριδούλα ; επιβλέπουσα καθηγήτρια: Τσαμπαρλή Αναστασία.  
260 |c 2016.  
300 |a 54 σ. :   |b πίν., διαγρ. ;   |c 30 εκ.  
500 |a Μέλη εξεταστικής επιτροπής: Δάρρα Μαρία, Λυπουρλή Ελένη.  
502 |a Πτυχιακή εργασία – Πανεπιστήμιο Αιγαίου, Ρόδος, 2016. 
504 |a Βιβλιογραφία: σ. 48-54.  
506 0 |a Πλήρες κείμενο - Ελεύθερη δημοσίευση.  
650 0 |a Brothers and sisters. 
650 0 |a Divorce  |x Psychological aspects. 
650 0 |a Divorced parents  |x Family relationships. 
650 0 |a Children of divorced parents. 
650 0 |a Interpersonal relations in children. 
650 0 |a Children of divorced parents  |x Psychology. 
700 1 |a Τσαμπαρλή-Κιτσαρά, Αναστασία,  |e dgsf 
710 2 |a Πανεπιστήμιο Αιγαίου.   |b Σχολή Ανθρωπιστικών Επιστημών.   |b Παιδαγωγικό Τμήμα Δημοτικής Εκπαίδευσης. 
852 |a INST  |b RHODES  |c DIATR  |e 20160921  |h 306.874 ΔΟΥ  |p 005400038810  |q 005400038810  |t DIE  |y 23 
856 |u http://hdl.handle.net/11610/22902 
924 |a Δούβρη   |b Σπυριδούλα   |y Ρόδος  |z 2016-06  
970 |z 21-09-2016